<?xml version="1.0" encoding="UTF-8"?>
<record
    xmlns:xsi="http://www.w3.org/2001/XMLSchema-instance"
    xsi:schemaLocation="http://www.loc.gov/MARC21/slim http://www.loc.gov/standards/marcxml/schema/MARC21slim.xsd"
    xmlns="http://www.loc.gov/MARC21/slim">

  <leader>00206nam a2200085Ia 4500</leader>
  <controlfield tag="008">170617s9999    xx            000 0 und d</controlfield>
  <datafield tag="100" ind1=" " ind2=" ">
    <subfield code="a">Bakhru H.K</subfield>
  </datafield>
  <datafield tag="245" ind1=" " ind2="4">
    <subfield code="a">The Complete Handbook of Nature Care</subfield>
  </datafield>
  <datafield tag="260" ind1=" " ind2=" ">
    <subfield code="b">Jaico Pub</subfield>
  </datafield>
  <datafield tag="260" ind1=" " ind2=" ">
    <subfield code="c">2016</subfield>
  </datafield>
  <datafield tag="999" ind1=" " ind2=" ">
    <subfield code="c">15626</subfield>
    <subfield code="d">15626</subfield>
  </datafield>
  <datafield tag="952" ind1=" " ind2=" ">
    <subfield code="0">0</subfield>
    <subfield code="1">0</subfield>
    <subfield code="2">ddc</subfield>
    <subfield code="4">0</subfield>
    <subfield code="7">0</subfield>
    <subfield code="a">02</subfield>
    <subfield code="b">02</subfield>
    <subfield code="d">2017-06-23</subfield>
    <subfield code="e">9</subfield>
    <subfield code="g">399.00</subfield>
    <subfield code="p">02-B-8923</subfield>
    <subfield code="r">2017-06-23</subfield>
    <subfield code="w">2017-06-23</subfield>
    <subfield code="y">06</subfield>
  </datafield>
  <datafield tag="952" ind1=" " ind2=" ">
    <subfield code="0">0</subfield>
    <subfield code="1">0</subfield>
    <subfield code="2">ddc</subfield>
    <subfield code="4">0</subfield>
    <subfield code="7">0</subfield>
    <subfield code="a">02</subfield>
    <subfield code="b">02</subfield>
    <subfield code="d">2017-06-23</subfield>
    <subfield code="e">9</subfield>
    <subfield code="g">399.00</subfield>
    <subfield code="l">2</subfield>
    <subfield code="p">02-B-8924</subfield>
    <subfield code="r">2025-10-16</subfield>
    <subfield code="s">2025-10-13</subfield>
    <subfield code="w">2017-06-23</subfield>
    <subfield code="y">01</subfield>
  </datafield>
  <datafield tag="952" ind1=" " ind2=" ">
    <subfield code="0">0</subfield>
    <subfield code="1">0</subfield>
    <subfield code="2">ddc</subfield>
    <subfield code="4">0</subfield>
    <subfield code="7">0</subfield>
    <subfield code="a">02</subfield>
    <subfield code="b">02</subfield>
    <subfield code="d">2017-06-23</subfield>
    <subfield code="e">9</subfield>
    <subfield code="g">399.00</subfield>
    <subfield code="l">0</subfield>
    <subfield code="p">02-B-8925</subfield>
    <subfield code="r">2017-06-23</subfield>
    <subfield code="w">2017-06-23</subfield>
    <subfield code="y">01</subfield>
  </datafield>
  <datafield tag="952" ind1=" " ind2=" ">
    <subfield code="0">0</subfield>
    <subfield code="1">0</subfield>
    <subfield code="2">ddc</subfield>
    <subfield code="4">0</subfield>
    <subfield code="7">0</subfield>
    <subfield code="a">02</subfield>
    <subfield code="b">02</subfield>
    <subfield code="d">2017-06-23</subfield>
    <subfield code="e">9</subfield>
    <subfield code="g">399.00</subfield>
    <subfield code="l">0</subfield>
    <subfield code="p">02-B-8926</subfield>
    <subfield code="r">2017-06-23</subfield>
    <subfield code="w">2017-06-23</subfield>
    <subfield code="y">01</subfield>
  </datafield>
  <datafield tag="952" ind1=" " ind2=" ">
    <subfield code="0">0</subfield>
    <subfield code="1">0</subfield>
    <subfield code="2">ddc</subfield>
    <subfield code="4">0</subfield>
    <subfield code="7">0</subfield>
    <subfield code="a">02</subfield>
    <subfield code="b">02</subfield>
    <subfield code="d">2017-06-23</subfield>
    <subfield code="e">9</subfield>
    <subfield code="g">399.00</subfield>
    <subfield code="l">3</subfield>
    <subfield code="m">1</subfield>
    <subfield code="p">02-B-8927</subfield>
    <subfield code="r">2026-03-24</subfield>
    <subfield code="s">2025-03-10</subfield>
    <subfield code="w">2017-06-23</subfield>
    <subfield code="y">01</subfield>
  </datafield>
</record>
